Cargando…

From the earth to beyond the sky : An ethnographic approach to four Longhouse Iroquois speech events /

A linguistic and content analysis of four rituals associated with the calendrical round of ceremonies, a study which reveals the graded hierarchy of "spirit forces."

Detalles Bibliográficos
Autor principal: Foster, Michael K., 1938-
Formato: Electrónico eBook
Idioma:Inglés
Iroquoian
Publicado: Ottawa : National Museums of Canada, 1974.
Colección:Book collections on Project MUSE.
Temas:
Acceso en línea:Texto completo

MARC

LEADER 00000cam a22000004a 4500
001 musev2_65489
003 MdBmJHUP
005 20230905050736.0
006 m o d
007 cr||||||||nn|n
008 110724s1974 onc o 00 0 eng d
020 |a 9781772821826 
020 |z 1772821829 
035 |a (OCoLC)228142761 
040 |a MdBmJHUP  |c MdBmJHUP 
041 0 |a eng  |a iro  |b fre 
100 1 |a Foster, Michael K.,  |d 1938- 
245 1 0 |a From the earth to beyond the sky :   |b An ethnographic approach to four Longhouse Iroquois speech events /   |c Michael K. Foster. 
264 1 |a Ottawa :  |b National Museums of Canada,  |c 1974. 
264 3 |a Baltimore, Md. :  |b Project MUSE,   |c 2020 
264 4 |c ©1974. 
300 |a 1 online resource (459 pages):   |b illustrations 
336 |a text  |b txt  |2 rdacontent 
337 |a computer  |b c  |2 rdamedia 
338 |a online resource  |b cr  |2 rdacarrier 
490 0 |a Paper - Canadian Ethnology Service ;  |v no. 20 
490 0 |a Mercury series 
520 |a A linguistic and content analysis of four rituals associated with the calendrical round of ceremonies, a study which reveals the graded hierarchy of "spirit forces." 
588 |a Description based on print version record. 
650 1 7 |a Kosmos.  |2 gtt 
650 1 7 |a Riten.  |2 gtt 
650 1 7 |a Cayuga.  |2 gtt 
650 1 7 |a Seneca (taal)  |2 gtt 
650 7 |a Speeches, addresses, etc., Iroquois.  |2 fast  |0 (OCoLC)fst01129378 
650 7 |a Iroquois Indians  |x Rites and ceremonies.  |2 fast  |0 (OCoLC)fst00979424 
650 6 |a Discours indiens d'Amerique. 
650 6 |a Discours iroquois. 
650 6 |a Indiens d'Amerique  |z Amerique du Nord  |x Rites et ceremonies. 
650 6 |a Indiens d'Amerique  |z Amerique du Nord  |x Art oratoire. 
650 6 |a Iroquois (Indiens)  |x Rites et ceremonies. 
650 6 |a Iroquois (Indiens)  |x Art oratoire. 
650 0 |a Indians of North America  |x Rites and ceremonies. 
650 0 |a Speeches, addresses, etc., Indian. 
650 0 |a Iroquois Indians  |x Oratory. 
650 0 |a Iroquois Indians  |x Rites and ceremonies. 
650 0 |a Speeches, addresses, etc., Iroquois. 
655 7 |a Electronic books.   |2 local 
710 2 |a Project Muse.  |e distributor 
830 0 |a Book collections on Project MUSE. 
856 4 0 |z Texto completo  |u https://projectmuse.uam.elogim.com/book/65489/ 
945 |a Project MUSE - Custom Collection 
945 |a Project MUSE - Archive Complete Supplement VIII 
945 |a Project MUSE - Archive History Supplement VIII 
945 |a Project MUSE - Archive Native American and Indigenous Studies Supplement VII